| 000 | 00868nac a22002771u 4500 | ||
|---|---|---|---|
| 003 | EG-ScBUE | ||
| 005 | 20221213113940.0 | ||
| 008 | 221213s2004 vraae f 001 0 eng d | ||
| 020 | _a1920744649 | ||
| 020 | _a9781920744649 | ||
| 035 | _a(OCoLC)ocm57467792 | ||
| 040 |
_aEG-ScBUE _beng _erda _cEG-ScBUE _dEG-ScBUE |
||
| 050 | _an-us--- | ||
| 082 | 0 | 4 |
_a727.5500973 _bCRO _222 |
| 100 | 1 |
_aCrosbie, Michael J., _eauthor. |
|
| 245 | 1 | 0 |
_aArchitecture for science / _cMichael J. Crosbie. |
| 264 | 1 |
_aMulgrave, Victoria : _bImages Publication Group, _c2004. |
|
| 300 |
_a207 pages : _bcolor illustrations, plans ; _c31 cm |
||
| 500 | _aIncludes index. | ||
| 650 | 7 |
_aLaboratories. _2BUEsh |
|
| 650 | 7 |
_aResearch institutes. _2BUEsh |
|
| 650 | 7 |
_aArchitecture, Modern _y20th century. _2BUEsh |
|
| 653 | _bENGARC | ||
| 655 | _vReading book | ||
| 942 |
_cBB _2ddc |
||
| 999 |
_c1895 _d1895 |
||